Detén la mano de la venganza : (Registro nro. 196182)

Detalles MARC
000 -LEADER
campo de control de longitud fija 03015nam a2200469 i 4500
001 - NÚMERO DE CONTROL
campo de control 196182
003 - IDENTIFICADOR DE NÚMERO DE CONTROL
campo de control ES-MaACL
005 - FECHA Y HORA DE LA ÚLTIMA TRANSACCIÓN
campo de control 20250809052937.0
008 - DATOS DE LONGITUD FIJA--INFORMACIÓN GENERAL
campo de control de longitud fija 240817s2020 sp a | |||| 001 0 spa
015 ## - NÚMERO DE BIBLIOGRAFÍA NACIONAL
Número de bibliografía nacional MON20
017 ## - NÚMERO DE COPYRIGHT O DE DEPÓSITO LEGAL
Número de copyright o de depósito legal M 31808-2020
Agencia que asigna Oficina Depósito Legal Madrid
020 ## - NÚMERO INTERNACIONAL ESTÁNDAR DEL LIBRO
Número Internacional Estándar del Libro 9788494852855
035 ## - NÚMERO DE CONTROL DEL SISTEMA
Número de control de sistema (SpMaBN)a6836316
035 ## - NÚMERO DE CONTROL DEL SISTEMA
Número de control de sistema 991032952369708606
040 ## - FUENTE DE CATALOGACIÓN
Centro catalogador/agencia de origen SpMaBN
Lengua de catalogación spa
Centro/agencia transcriptor SpMaBN
Normas de descripción rda
080 ## - NÚMERO DE LA CLASIFICACIÓN DECIMAL UNIVERSAL
Número de la Clasificación Decimal Universal 341.645
080 ## - NÚMERO DE LA CLASIFICACIÓN DECIMAL UNIVERSAL
Número de la Clasificación Decimal Universal 341.322.5
100 ## - ENTRADA PRINCIPAL--NOMBRE DE PERSONA
Nombre de persona Bass, Gary J
9 (RLIN) 238445
Término indicativo de función/relación Autor
240 10 - TÍTULO UNIFORME
Título uniforme Stay the Hand of Vengeance: the Politics of War Crimes Tribunals
Lenguaje de la obra Español
245 10 - MENCIÓN DEL TÍTULO
Título Detén la mano de la venganza :
Resto del título la política de los tribunales internacionales de crímenes de guerra /
Mención de responsabilidad, etc. Gary J. Bass ; edición y presentación, Joaquín González Ibáñez ; prólogo de la edición española, Joan Garcés ; traducción, Juan Cambreleng Contreras.
264 #1 - PRODUCCIÓN, PUBLICACIÓN, DISTRIBUCIÓN, FABRICACIÓN Y COPYRIGHT
Producción, publicación, distribución, fabricación y copyright [Madrid] :
Nombre del de productor, editor, distribuidor, fabricante Berg Institute,
Fecha de producción, publicación, distribución, fabricación o copyright [2020].
264 #4 - PRODUCCIÓN, PUBLICACIÓN, DISTRIBUCIÓN, FABRICACIÓN Y COPYRIGHT
Fecha de producción, publicación, distribución, fabricación o copyright ©2020
300 ## - DESCRIPCIÓN FÍSICA
Extensión 604 páginas :
Otras características físicas fotografías (blanco y negro), mapas (blanco y negro) ;
Dimensiones 24 cm.
336 ## - TIPO DE CONTENIDO
Término de tipo de contenido Texto
Fuente rdacontent
337 ## - TIPO DE MEDIO
Nombre/término del tipo de medio sin mediación
Fuente rdamedia
338 ## - TIPO DE SOPORTE
Nombre/término del tipo de soporte volumen
Fuente rdacarrier
490 1# - MENCIÓN DE SERIE
Mención de serie Biblioteca literatura y derechos humanos ;
Designación de volumen o secuencia 6
504 ## - NOTA DE BIBLIOGRAFÍA, ETC.
Nota de bibliografía, etc. Incluye referencias bibliográficas e índices
520 ## - RESUMEN, ETC.
Sumario, etc. La justicia internacional se ha convertido en parte crucial de los debates políticos sobre el futuro de sociedades destruidas como Bosnia, Kosovo, Ruanda, Camboya y Chile. ¿Por qué nuestros gobiernos en ocasiones demuestran un sorprendente idealismo frente a crímenes de guerra y atrocidades fuera de su territorio, y en otros casos abandonan cínicamente la búsqueda de la justicia internacional?. Detén la mano de la venganza de Gary Bass, ofrece una visión sin precedentes de las políticas detrás de los tribunales internacionales de crímenes de guerra, combinando análisis con reportaje de investigación y una amplia perspectiva histórica.<br/><br/>Bass explica cómo llevar a criminales de guerra frente a la justicia puede llegar a ser un sufrimiento militar, una fuente de frustración legal interminable y una pesadilla diplomática. El libro se pregunta cómo interactúan el Derecho y la política internacional, y cómo el poder político y militar puede emplearse para servir a la causa de la justicia.
650 #7 - PUNTO DE ACCESO ADICIONAL DE MATERIA--TÉRMINO DE MATERIA
Término de materia o nombre geográfico como elemento de entrada Tribunales internacionales
9 (RLIN) 136956
650 #7 - PUNTO DE ACCESO ADICIONAL DE MATERIA--TÉRMINO DE MATERIA
Término de materia o nombre geográfico como elemento de entrada Crímenes de guerra
9 (RLIN) 135843
700 ## - ENTRADA AGREGADA--NOMBRE PERSONAL
Nombre de persona González Ibáñez, Joaquín,
Fechas asociadas al nombre 1970-
9 (RLIN) 238427
Término indicativo de función/relación Editor literario
700 ## - ENTRADA AGREGADA--NOMBRE PERSONAL
Nombre de persona Cambreleng Contreras, Juan
9 (RLIN) 238446
Término indicativo de función/relación Traductor
700 0# - ENTRADA AGREGADA--NOMBRE PERSONAL
Nombre de persona Garcés, Joan E
9 (RLIN) 53968
Término indicativo de función/relación Autor de introducción
830 #0 - PUNTO DE ACCESO ADICIONAL DE SERIE-TÍTULO UNIFORME
Título uniforme Biblioteca literatura y derechos humanos
Designación de volumen o secuencia 6
9 (RLIN) 238888
852 ## - LOCALIZACIÓN
Ubicación ES-MaACL
Sublocalización o colección R.154552
Ubicación en estantería Depósito J
Número de control de estantería N-9257
Donativo/Legado Donación: Editorial
Encuadernación Encuadernación cartoné
itemnumber 205211
942 ## - ELEMENTOS DE ENTRADA SECUNDARIOS (KOHA)
Tipo de ítem Koha Libro impreso
Suprimir en OPAC No
Existencias
Estatus retirado Estado de pérdida Fuente del sistema de clasificación o colocación Estado de daño No para préstamo Biblioteca de origen Biblioteca actual Ubicación en estantería Fecha de adquisición Fuente de adquisición Total de préstamos Signatura topográfica completa Código de barras Visto por última vez Precio de reemplazo Tipo de ítem Koha
    Clasificación decimal universal     Biblioteca del Ateneo de Madrid Biblioteca del Ateneo de Madrid Depósito J 06/05/2025 Donación   N-9257 101229983 06/05/2025 06/05/2025 Libro impreso